000 00304nam a22001457a 4500
003 SGT
082 _a519.9,PUN
100 _aPUNDIR,SUDHIR K
245 _aTHEORY OF NUMBERS
250 _a1ST
260 _aMEERUT
_bPRAGATI PRAKASHAN
_c2015
300 _a312
650 _aMATHEMATICS
942 _2ddc
_cFPS
999 _c10029
_d10029